Countries bordering Croatia - Statistics

General Stats
  • This quiz has been taken 27 times
  • The average score is 5 of 5
Answer Stats
Hint Answer % Correct
1009,1 km Bosnia and Herzegovina
100%
667,8 km Slovenia
100%
317,6 km Serbia
96%
355,5 km Hungary
92%
22.6 km Montenegro
92%
No matching quizzes found
Score Distribution
Percent of People with Each Score
Percentile by Number Answered
Your Score History
You have not taken this quiz